MDQL
is popping MORE tags! Check the
thread
!
Quizzes
Events
Quiz Creation
Community
Videos
Private Events
Remove Ads
Sign In
Join for FREE
Feedback
Dark Mode
Quiz Categories
Sports
Geography
Music
Movies
Television
Just For Fun
Miscellaneous
History
Literature
Language
Science
Gaming
Entertainment
Religion
Holiday
For Kids
Quiz Lab
Recent
Popular Today
Quiz Kudos Today
Editor Picks
Curator Picks
Quizzes by...
Day
Popularity
Type
Ratings
Length
Year
Community
Subscriptions
Recent Discussions
Orange Saloon
Badges
Playlists
Quests
Create
Leaderboards
Showdown
Live 5
Trivia Bingo
Activity
Puzzle Library
Sporcle Events
Private Events
Virtual Trivia
Globe League
Become a Host
Pub Owners
SporcleCon
Opinionation
Our Games
Videos
Blog
Mobile Apps
Partnerships
Remove Ads and Go Orange
Feedback
Music
Pop Music
The Beatles
Song
Album
Lyrics
Bands
Singers
Artist
Clip
Rock
Rap
Classical
Billboard
Country Music
Kpop
Taylor Swift
Music
Pop Music
The Beatles
Song
Album
Lyrics
Bands
Singers
Artist
Clip
Rock
Rap
Classical
Billboard
Country Music
Kpop
Taylor Swift
Random Quiz
Search Sporcle
×
Quiz Lab
Quiz Lab
Music
Song
Type in answers that appear in a list
Type in answers that appear in a list
Classic
Best Score? Go Orange.
Answer in the Song #2 Stats
Can you name the Answer to these song-based questions?
By
Sfoot1922
15m
50 Questions
331 Plays
331 Plays
331 Plays
Comments
Comments
Give Quiz Kudos
Give Quiz Kudos
-
- Ratings
hide this ad
Random Order
Randomize order of answers
Randomize order of answers
Replay
Link that replays current quiz
Next Quiz
Link to next quiz in quiz playlist
You Got
0%
They Got
Avg Score
24%
Avg Friend Score
Upgrade to see
Score Distribution
Jump to the score distribution portion of the page
Score
0/50
Timer
15:00
0
Plays Today
Question
Answer
% Correct
What is the reason?
You
78.2%
What won't I write you?
A Love Song
64.7%
What will you be by the end of this song? (especially if you're Janet Jackson)
Naked
62.5%
Who was the whole club looking at?
Her
61%
How old are you?
Seventeen
60.7%
How long will we be friends?
Forever
58%
How old is this beauty queen?
18
50.5%
What do girls like?
Cars and Money
44.4%
What tattoo did he ask for?
13
37.2%
Where did I see her?
The Subway
36%
Where did I come in last night?
Through the Window
34.4%
When did I wake up?
10
33.8%
What color are your eyes?
Blue
33.8%
Who is the reason for the teardrops on my guitar?
Drew
32.3%
Who do I have on speed dial
A drug dealer
30.8%
What is killing me?
My Loneliness
30.5%
Where did I fly to?
LAX
30.5%
What is her name?
Rio
28.4%
How far from the edge am I?
6 feet
27.5%
Why aren't your friends my friends?
They Don't Dance
26.3%
What crumble for me?
Statues
26.3%
Where will I follow you?
Down
26.3%
Where did I go down on you?
A theater
25.7%
What am I waiting for?
Tonight
25.4%
What does she want?
Another Baby
23.6%
Question
Answer
% Correct
What did I give you?
My Heart
22.4%
What am I walking in?
The Spiderwebs
21.8%
What won't I tell them?
Your Name
21.8%
What did we used to be like?
Twins
21.1%
How many best friends do you have?
5
20.8%
What did I tell you my name was?
Rich
18.4%
What shouldn't you call me?
Daughter
16.9%
Where is Snow from?
Toronto
12.7%
Why is she getting out of California?
She's tired of the weather
10.9%
What day is it?
Day after Christmas
10.3%
What do we want in the street?
A lady
9.7%
Where did the birds come from?
The Underground
9.4%
How are we born?
Innocent
9.4%
What don't you know?
Who I am
8.8%
What does the bar face?
A Giant Carwash
7.6%
What do they love to tell you?
Stay inside the lines
6.3%
Where should you meet me?
The Bleachers
5.4%
How far down that street does she live?
About a half a mile
3.9%
What kind of people live in San Francisco?
Gentle People
3.9%
What is the bums name?
Mr Wendel
3.3%
What does the bird have in her mouth?
A Leaf
3%
What is my time?
A Piece of Wax
1.8%
What do you supposedly have?
A Boyfriend
1.5%
What do you make?
A First Impression
1.2%
Who is in the back?
Brother Pele
0.9%
Quiz Playlist
Details
Report
Send in Message
Add To Playlist
Classic:
Type in answers that appear in a list
Random Order:
Randomize order of answers
Last Updated: Feb 16, 2017
Quiz Scoreboard
CHALLENGE
Sign Up to Join the Scoreboard
Show All
Scores
Hide
Comments
May contain spoilers
Recently Published
1-10 Letter E Words III
by El_Dandy
Language
2m
Street Fighter Characters
by Artimus82
Gaming
60s
College Basketball Coaching Resumes
by pancakes188
Sports
9m
More to Explore
Quiz From the Vault
Featured Blog Post
Where Did the Easter Bunny Come From?
hide this ad
You Might Also Like...
Tags
Song Quiz
Today's Top Quizzes in Music
Browse Music
hide this ad
Today's Top Quizzes in Song
Browse Song
Top Contributed Quizzes in Music
1
Taylor Swift All Songs (2024)
2
Taylor Swift Logic Puzzle
3
Guess the Artist- 70s Songs
4
7-to-1: Billboard Hot 100 #1 Hits of 2010s
5
Sorting Albums and Songs
6
KPOP LOGIC QUIZ
7
Billboard Blitz: Aretha Franklin
8
Guess the Taylor Swift song (Mystery Song)
9
Guess The Taylor Swift Lyrics Song #1
10
Billboard Blitz: ABBA
Explore More
Trending Topics
Anime
Harry Potter
Marvel
Disney
Crossword
Kpop
NBA
NFL
Puzzle
Country
Pokémon
WWE
Song
The Office
Soccer
hide this ad
More By:
Sfoot1922
Quiz
Plays
Rating
Category
Featured
Created
Questionable Song Lyrics
565
3.80
Music
Jan 9, 2010
Answer in the lyrics
337
3.17
Music
Jan 9, 2010
Answer in the Song #2
331
3.43
Music
Jan 9, 2010
Answer in the Song #3
294
4.17
Music
Jan 10, 2010
Answer in the Song #4
154
2.17
Music
Jan 10, 2010
Go to Creator's Profile
Score Distribution
Quiz Creator Spotlight
Sfoot1922
Follow
Send a Message
Quizzes Created
-
Created Quiz Play Count
-
More By This Creator
Popular Quizzes Today
1
Find the US States - No Outlines Minefield
2
Find the Countries of Europe - No Outlines Minefield
3
The Countries of the World
4
Find the US States
5
Risky Map Clicking: Biggest States A-Z
6
US States
7
Popular People in 1961
8
Movies - When Are They Set?
More Music Quizzes
Fifth Harmony Solo - Who Sings It?
Quiz Lab
Trending Quizzes
Risky Map Clicking: Least Populous States A-Z
1-10 Letter G Words
1-10 Letter F Words
Countries of the World: 200 Million BC
Risky Map Clicking: Next State Alphabetically
Recently Updated
Beyoncé Albums
pecheneg
Leaping Animals
pecheneg
Reality TV Shows (A-Z)
bhenderson79
Rickey Henderson's Hall of Fame Teammates
pecheneg
Champions League XIs: Arsenal
pecheneg
Quick Pick: Celebrities in WWE's Hall of Fame
aduchscher
A-Z Keypad Blitz II
pecheneg
Multiple Oscar Actors
pecheneg
Mystery Phrase Blitz: Oscar 'Best Actors'
pecheneg
F. Scott Fitzgerald Novels
LTH
Trending Topics
Anime
Disney
Harry Potter
Kpop
Marvel
NBA
Crossword
NFL
Song
Pokémon
The Office
Puzzle
WWE
Soccer
Country
Your Account Isn't Verified!
In order to create a playlist on Sporcle, you need to verify the email address you used during registration. Go to your
Sporcle Settings
to finish the process.
Report this User
Report this user for behavior that violates our
Community Guidelines
.
Details:
Send Report
Go to the Sporcle.com Mobile Site →
Comments